| 000 | 00773nam a22002057a 4500 | ||
|---|---|---|---|
| 005 | 20100810120419.0 | ||
| 010 | _aENG-99109 | ||
| 020 |
_a9789380243337 _c130.00 |
||
| 035 | _aEn-82641 | ||
| 037 | _bDBAD/PUB | ||
| 082 | _a005.14 | ||
| 100 |
_aSundaram,Meenakshi _913348 |
||
| 245 |
_aPrinciples of software testing/ _cby Meenakshi Sundaram |
||
| 260 |
_aTiruchirappalli _bRaja Publications _c2009 |
||
| 270 |
_a4/1,S.S.H.Shelter, Hazarath Abdul Salam Street _bKhajanagar _e620020 |
||
| 300 |
_a132p. _c22cm (pbk) |
||
| 650 |
_aComputer Softwares Testing _913349 |
||
| 942 |
_2ddc _cEN _h005.14 _mSUN |
||
| 999 |
_c40593 _d40593 |
||